[Event "Ciocaltea Memorial"]
[Site "Bucharest"]
[Date "1995.??.??"]
[Round "4"]
[White "Ionescu, Constantin"]
[Black "Nevednichy, Vladislav"]
[Result "1/2-1/2"]
[WhiteElo "2535"]
[BlackElo "2485"]
[Annotator "Stohl,I"]
[PlyCount "89"]
[EventDate "1995.02.??"]
[EventType "tourn"]
[EventRounds "11"]
[EventCountry "ROU"]
[EventCategory "10"]
[SourceTitle "CBM 048"]
[Source "ChessBase"]
[SourceDate "1995.10.01"]
[SourceVersion "1"]
[SourceVersionDate "1995.10.01"]
[SourceQuality "1"]

1. d4 d6 2. e4 Nf6 3. f3 e5 4. dxe5 (4. d5 c6 5. c4 Be7 6. Nc3 O-O 7. Be3 a6 8.
Qd2 cxd5 9. cxd5 b5 10. Bd3 Nbd7 11. Nge2 Bb7 12. O-O Qb8 13. Rac1 Bd8 14. a4
b4 15. Nd1 a5 16. b3 Bb6 17. Bxb6 Nxb6 18. Ne3 g6 19. Kh1 Nfd7 20. Ng3 f6 $10 {
Oll,L-Chernin,A/Moscow PCA-Intel qual 25'/1995/}) 4... dxe5 5. Qxd8+ Kxd8 6.
Bc4 Ke7 $5 (6... Be6 7. Bxe6 fxe6 8. Be3 Nbd7 9. Nd2 Bd6 10. Nh3 Ke7 11. Nf2 a5
12. a4 Ra6 13. Nd3 Rc6 14. c3 Rf8 15. Ke2 Nb6 16. Rhc1 $36 {[%csl Rc6,Re5,Re6]
><e6,e5,Rc6,Quinteros,MA-Iglesias,A/San Luis Clarin op/1995/}) (6... Ke8 7. Be3
Nbd7 8. Nc3 c6 9. a4 a5 10. Nge2 Bc5 11. Nd1 Ke7 12. Nc1 Ne8 13. Nd3 Bxe3 14.
Nxe3 Nd6 15. Bb3 b6 16. c3 Ba6 17. Bc2 g6 18. O-O-O Nc4 19. Rhe1 Nxe3 20. Rxe3
Rad8 21. Nf2 Nc5 22. Rxd8 Rxd8 23. b4 $10 {Blatny,P-Ftacnik,L/BL 9495
Werder-HSK/1995/}) 7. Be3 (7. Nc3 c6 (7... Be6 $5 8. Nd5+ Bxd5 9. exd5 Nbd7 $13
) 8. Be3 Be6 $10) 7... Be6 8. Na3 $1 {[%cal Rc4e6,Ra3b5] /\Be6,Nb5} (8. Nd2
Nbd7 9. O-O-O g6 $5 (9... Bxc4 10. Nxc4 Ke6 11. Nh3 h6 12. f4 Ng4 13. f5+ Ke7
14. Nf2 Nxe3 15. Nxe3 Ke8 16. Nd3 c6 17. Nc4 f6 18. g4 Nb6 $14 {()>>,
Sveshnikov,E-Panchenko,AN/Moscow PCA-op 25'/1994/}) (9... a5 10. g4 Bxc4 11.
Nxc4 b5 12. Nd2 Ke6 13. Ne2 {1/2-1/2,Saltaev,M-Titov,G/Tiraspol/1994/}) 10. Ne2
h5 11. Bf2 Bh6 12. Kb1 Rhd8 13. Bd3 Ne8 14. Nc4 b6 15. a4 f6 16. Nc1 c6 17. c3
Rab8 18. Kc2 a5 19. Be2 Bxc4 20. Bxc4 Nd6 21. Be2 Nf8 22. Rhe1 Ne6 23. Bf1 Kd7
24. Nb3 Kc7 25. Nd2 Bf8 $10 {Georgadze,TV-Rivas Pastor,M/XI Velez-Malaga/1991/}
) 8... Nbd7 $146 (8... Bxc4 9. Nxc4 Nc6 (9... Nbd7 10. O-O-O $14 {[%cal Yc4a5]
/\Na5|^}) 10. a4 Ke6 11. Nh3 h6 12. c3 a6 13. Nf2 Be7 14. a5 Rad8 15. Ke2 Nd7
16. g4 h5 17. g5 f5 18. gxf6 gxf6 19. Rhg1 Rdg8 20. Nd3 f5 21. exf5+ Kxf5 22.
Rad1 Ke6 23. Bf2 Bd6 24. b4 Ne7 25. Nd2 $14 {[%csl Ga5,Gb4,Gc3][%cal Yd2c4,
Yd2e4] ()<<,/\Ne4,Nc4, Ionescu,Co-Nevednichy,V/Bucharest Ciocaltea/1994/}) 9.
O-O-O (9. Bxe6 Kxe6 10. Nb5 Ne8 11. Nxa7 $2 c6 {[%csl Ra7][%cal Rd7c5,Rf8c5] /
\Bc5,Nc5,פa7}) 9... a6 10. Bxe6 Kxe6 11. Nc4 a5 (11... Bc5 $142 $5 12. Nh3 h6
13. Nf2 Bxe3+ 14. Nxe3 Rhd8 $10) 12. a4 $1 {[%csl Ra5] ><a5} Bc5 13. Nh3 Bxe3+
14. Nxe3 g6 15. Nc4 h6 (15... Ke7 16. Nf2 Ne8 17. Nd3 f6 18. f4 $14) 16. Nf2 {
[%csl Ra5,Re5][%cal Gd1d7] ><a5,e5,<->d} Rhb8 $6 (16... Nc5 17. Nd3 Nxd3+ (
17... Nxa4 18. Ncxe5 $36 {[%csl Yd4,Yd5,Ye4,Ye5,Re6] [+],עe6}) (17... Nfd7 $2
18. Ncxe5 $1 $16) 18. Rxd3 b6 19. Rhd1 $36) (16... Ne8 17. Rd5 $1 (17. Nd3 Nd6
$5 18. Nxd6 cxd6 19. b3 {[%cal Yd3b2,Yb2c4] /\Nb2-c4} Nb6 $132) 17... b6 18.
Rhd1 Nef6 19. R5d2 $14 {[%cal Gd2d7] <->d}) 17. Nd3 Ra6 18. Rhe1 Ne8 19. f4 $1
$36 exf4 20. Nxf4+ Ke7 21. Nd5+ Ke6 $5 $8 (21... Kf8 22. Nxc7 $18) (21... Kd8
22. e5 $16) 22. Nf4+ Ke7 23. e5 {()} Nf8 24. Rd5 (24. Nd5+ $142 Ke6 25. Rf1 $40
{[%cal Rf1f6,Rd5f6] /\Nf6,Rf6!} c6 (25... Nd7 26. Nf4+ Ke7 27. e6 $18) 26. Nf4+
Ke7 27. Nd6 $16) 24... g5 $1 25. Ne2 Rba8 (25... b6 26. Nd4 {[%cal Rd4f5,Rd4c6]
/\Nc6,Nf5}) 26. Rb5 R8a7 $8 27. Nd4 Ng7 28. Nb3 Nfe6 $1 (28... b6 29. Nd4 $40)
29. Rd1 (29. Nbxa5 Nd8 {[%cal Rc7c6,Rb7b6] /\c6,b6} 30. Nb3 Rxa4 $132) (29.
Rxa5 Rxa5 30. Nbxa5 Nd8 31. Rd1 Nge6 $1 $13 {[%cal Rb7b6] /\b6} (31... b6 $2
32. Rxd8 $18)) 29... b6 30. Rbd5 Ra8 31. g4 (31. Nd4 Nxd4 32. R1xd4 Ne6 $14)
31... h5 $6 (31... Rd8 $142 $5 32. Ne3 Raa8 {/\} 33. Nf5+ $6 Nxf5 34. gxf5 Nf4
$36) 32. h3 Rh8 (32... hxg4 $142 33. hxg4 Rd8 34. Rxd8 Nxd8 35. Rh1 $36 {
[%cal Gh1h8] <->h}) 33. Ne3 Raa8 34. Nf5+ Ke8 35. Rd7 hxg4 36. hxg4 Kf8 $8 37.
Rf1 Rh7 (37... Nxf5 38. gxf5 Nf4 39. e6 $1 $40) 38. Nfd4 Nf4 $8 (38... Nxd4 39.
Rfxf7+ Kg8 40. Nxd4 $18) 39. Rxc7 $18 Rh4 40. Nf5 $6 $138 (40. Nf3 $1 Rxg4 41.
Nxg5 $1 Rxg5 (41... Ne2+ 42. Kd2 Rxg5 43. Rfxf7+ Kg8 44. Kxe2 Rxe5+ 45. Kd3 $18
) 42. Rxf4 Rf5 43. Rxf5 Nxf5 44. Rb7 $18) 40... Nxf5 (40... Rxg4 $2 41. Nh6 $18
) 41. gxf5 Re8 42. Re1 g4 {[%csl Gg4] o^g4} 43. Rc3 Rd8 $44 {[%cal Rf4e2] /
\Ne2!-+} 44. Kb1 Ke7 45. Nc1 (45. Nc1 Rh3 46. Rc4 Rf3 $13) (45. f6+ Ke6 46.
Rc6+ Kf5 47. Rxb6 g3 $36) 1/2-1/2

[Event "San Roque"]
[Site "San Roque"]
[Date "1996.??.??"]
[Round "8"]
[White "Rodriguez Talavera, Juan Carlos"]
[Black "Gulko, Boris F"]
[Result "0-1"]
[WhiteElo "2425"]
[BlackElo "2615"]
[Annotator "Stohl,I"]
[PlyCount "56"]
[EventDate "1996.02.??"]
[EventType "tourn"]
[EventRounds "9"]
[EventCountry "ESP"]
[EventCategory "11"]
[SourceTitle "CBM 057"]
[Source "ChessBase"]
[SourceDate "1997.04.01"]
[SourceVersion "1"]
[SourceVersionDate "1997.04.01"]
[SourceQuality "1"]

1. e4 g6 2. d4 Bg7 3. Nc3 d6 4. Nge2 Nf6 5. g3 O-O 6. Bg2 Nbd7 7. O-O c5 $5 {
Not new, but a relatively unusual idea. In a position, where Black mostly
plays King's Indian type moves like 7...e5 or 7...c6, Gulko tries to achieve
something totally different-a Sicilian Dragon structure. This motive is
becoming increasingly popular in the Pirc: see also the game Handoko-Hodgson.}
8. h3 (8. a4 a6 9. h3 Qc7 10. dxc5 Nxc5 11. Bg5 Ncd7 12. Qd2 Rb8 13. Nd4 e5 14.
Nde2 Nb6 15. b3 Be6 16. Rfd1 Rbd8 17. a5 Nc8 18. Nd5 Bxd5 19. exd5 Ne7 20. Ra4
Ne8 21. Rc4 Qd7 22. Nc3 f6 23. Be3 f5 24. Na4 Nc8 25. Qb4 Nf6 26. Nb6 Nxb6 27.
Bxb6 Rc8 28. Rxc8 Rxc8 29. c4 e4 $132 {Short,N-Kindermann,S/Dortmund/1983/}) ({
In Benoni-like positions the Nb8 is usually developed via a6 to c7, where it
furthers the b5 thrust. On d7 it's supposed to be misplaced. But in this
situation with the P on c2 instead of c4 it's much easier to get in b5 (a6,Rb8,
if necessary also Ne8-c7). Also White's Ne2 is not on it's right square, from
f3 it supports the central break e4-e5, a usual White idea in such positions.} 
8. d5 Ne8 (8... Rb8 9. a4 b6 10. Bf4 a6 11. Qd2 Ne5 12. Rfb1 Re8 13. Bh6 Bh8
14. f3 {1/2,Aseev,K-Van Wely,L/Krumbach op/1991/}) 9. a4 a6 (9... b6 10. Bf4
Nc7 11. Qc1 Re8 12. h3 Ba6 13. Re1 Ne5 14. Bh6 Bh8 15. f4 Nd7 16. Qd2 Rb8 17.
Rad1 b5 18. axb5 Nxb5 19. Ra1 Qc8 20. Nxb5 Rxb5 21. Ra2 $14 {Tringov,
G-Kaminski,U/Vrnjacka Banja/1990/}) 10. Be3 Rb8 11. Qd2 Ne5 12. b3 b5 13. Rae1
Bd7 14. axb5 axb5 15. Kh1 b4 16. Nd1 Ng4 17. Bf4 e5 18. dxe6 fxe6 19. f3 Ne5
20. Bh6 Bb5 21. Bxg7 Nxg7 22. Ne3 Nc6 23. Rf2 Ra8 24. c4 bxc3 25. Nxc3 Ba6 26.
f4 Nb4 27. Rd1 Bd3 28. Bf1 Bxf1 29. Rfxf1 Ra6 $15 {[%csl Gc5,Gd6,Re4,Ge6,Rh1] 
[+],ע,e4,Timoshenko,G-Minasjan,A/URS-chJ Kherson/1991/}) 8... Rb8 {Black
patiently waits with the pawn exchange, practice proves him right:} (8... cxd4
9. Nxd4 Nc5 (9... a6 10. Re1 Nb6 11. a4 e5 12. Nde2 Be6 13. b3 Qc7 14. Be3 Rac8
15. Qd2 Rfd8 16. a5 Nbd7 17. Rec1 Qb8 18. Nd5 Bxd5 19. exd5 Re8 20. g4 Qc7 21.
Ra4 Nc5 22. Rc4 Qe7 23. b4 Ncd7 24. Rxc8 Rxc8 25. c4 e4 26. c5 $1 $16 {Dorfman,
I-Apicella,M/Cannes op/1989/}) 10. Re1 a6 11. a4 e5 12. Nb3 Nxb3 13. cxb3 Be6
14. Be3 Qd7 15. Kh2 Rad8 16. Re2 Ne8 17. Nd5 f5 18. Bg5 Nf6 19. Rc1 Qf7 20.
Bxf6 Bxf6 21. Rc7 Rd7 22. exf5 gxf5 23. Nxf6+ Qxf6 24. Rxd7 Bxd7 25. Rd2 $16 {
Khenkin,I-Timman,J/Tilburg blitz/1994/1-0/}) 9. a4 (9. Be3 b6 10. Qd2 a6 11.
Rad1 cxd4 12. Nxd4 Bb7 13. Bh6 Nc5 14. Bxg7 Kxg7 15. Rfe1 Qd7 16. Qe3 Rfe8 17.
Nb3 Nxb3 {1/2,Tukmakov,V-Gulko,B/Leon/1992/}) 9... a6 (9... b6 $5 10. Bg5 a6
11. Qd2 Re8 12. Rfd1 cxd4 13. Nxd4 Bb7 14. Qe3 Rc8 15. Nde2 Rc5 16. Rd2 Qa8 17.
Rad1 Rxg5 $6 (17... Rec8 $132) 18. Qxg5 Nxe4 19. Nxe4 Bxe4 20. Bxe4 Qxe4 21.
Qf4 Qe6 22. Nd4 Qxh3 23. Qe4 Bxd4 24. Rxd4 Ne5 25. Qe2 Rc8 26. c3 Rc5 27. Rh4
$36 {Gulko,B-Matveeva,S/Helsinki op/1992/ Was this the game, after which Gulko
decided to include 7...c5!? in his repertoire?}) 10. dxc5 $6 (10. Be3 $142 Qc7
(10... b6 11. Qd2 Re8 12. g4 {De la Villa Garcia,J (2495)-Gulko,B (2615)
Pamplona9697 1997 (7) 0-1 Gulko has been very successful in this line lately,
as the following model game proves.} h5 $6 (12... cxd4 $5 13. Nxd4 Ne5 $132)
13. g5 Nh7 14. f4 cxd4 15. Nxd4 Bb7 16. e5 dxe5 17. Nc6 Bxc6 18. Bxc6 Nhf8 19.
f5 gxf5 20. Rxf5 Qc7 21. Qg2 e6 22. Rf2 Ng6 23. Qf3 Re7 24. Ne4 $1 $44 {
Djurhuus,R-Van Wely,L/WchJ Tunja/1989/}) 11. Qd2 cxd4 (11... b5 12. axb5 axb5
13. Nd5 Nxd5 14. exd5 Nb6 15. b3 c4 16. Qb4 e6 17. dxe6 Bxe6 18. Nf4 Bd7 19.
Ra6 Rfc8 20. Rfa1 $36 {[%cal Ga1a8] <->a,Geller,E-Christiansen,L/Moscow izt/
1982/}) 12. Bxd4 Ne5 13. Nd5 Nxd5 14. exd5 Bf5 15. f4 Nc4 16. Qc3 Bxd4+ 17.
Nxd4 Rbc8 18. b3 Nb6 19. Qxc7 Rxc7 20. a5 Nd7 21. Rfe1 Nf6 22. Nxf5 (22. c4
$142 {_|_()}) 22... gxf5 23. c4 Re8 24. Re3 Kf8 25. Bf1 e6 26. dxe6 fxe6 27.
Rae1 Kf7 $11 {Prandstetter,E-Smagin,S/Voronezh/1987/}) (10. a5 $5 $14) 10...
Nxc5 11. Be3 b6 $146 (11... Qc7 12. Bd4 e5 13. Be3 b5 14. axb5 axb5 15. g4 b4
16. g5 bxc3 17. gxf6 Bxf6 18. Nxc3 Rxb2 19. Nd5 Qd8 20. Ra8 Nd7 21. f4 exf4 22.
Bd4 (22. Nxf6+ $142 Nxf6 23. Bd4 $132) 22... Bxd4+ 23. Qxd4 Rxc2 24. Rxf4 Qg5
25. Rg4 Rc1+ 26. Bf1 Qe5 $17 {Cvek,R-Mai,P/EU-chJ U18/1996/}) 12. g4 $8 {
More or less forced, if White wants to avoid playing the ugly f3.} (12. Nd4
$143 Bb7 13. f3 e5 $1 14. Nb3 Nxb3 15. cxb3 d5 $36) 12... Bb7 13. Ng3 Qc8 14.
Qd2 $6 (14. g5 $142 Nfd7 15. f4 b5 16. axb5 axb5 17. Bd4 $13) 14... b5 $1 $36
15. axb5 axb5 16. Bh6 (16. g5 $6 b4 17. gxf6 bxc3 $17) (16. b4 Ncd7 $15 {
[%csl Rc2,Rc3,Rc4][%cal Rd7e5,Re5c4] בc,/\Ne5-c4}) (16. Nxb5 Ncxe4 $36) 16...
Bxh6 17. Qxh6 b4 18. Nd5 Bxd5 19. exd5 b3 $1 20. c3 (20. cxb3 Rxb3 $17 {
[%csl Rb2,Rd5,Rg1] ><b2,d5,K}) 20... Ra8 21. Rxa8 (21. Rae1 Ra2 $40) (21. Rab1
$142 $17) 21... Qxa8 22. g5 $2 {After White cuts off his Q Black wins easily,
as the tactics don't work for White.} Ne8 $1 {As the game shows, it's
important to protect g7.} 23. f4 Qa2 24. f5 Qxb2 25. f6 (25. fxg6 hxg6 26. Nh5
Qxc3 $19) 25... Qxc3 $1 $19 26. Kh2 (26. fxe7 Qe3+ $19) 26... exf6 27. Nh5 (27.
gxf6 Nxf6 $19) 27... Qe5+ 28. Kh1 fxg5 $1 (28... gxh5 29. gxf6 Nd7 30. Rg1
Nexf6 31. Bf3+ Ng4 $19 {is also sufficient, but the text is stronger.}) 0-1

[Event "Koop Tjuchem"]
[Site "Groningen"]
[Date "1996.??.??"]
[Round "8"]
[White "Leko, Peter"]
[Black "Svidler, Peter"]
[Result "1/2-1/2"]
[WhiteElo "2630"]
[BlackElo "2650"]
[Annotator "Stohl,I"]
[PlyCount "59"]
[EventDate "1996.12.20"]
[EventType "tourn"]
[EventRounds "11"]
[EventCountry "NED"]
[EventCategory "16"]
[SourceTitle "CBM 057"]
[Source "ChessBase"]
[SourceDate "1997.04.01"]
[SourceVersion "1"]
[SourceVersionDate "1997.04.01"]
[SourceQuality "1"]

1. e4 d6 2. d4 Nf6 3. Nc3 g6 4. Bg5 {Dreev and Leko sometimes play this rather
rare line, but it's greatest practicioner is Tiviakov. In practice it's not so
easy for Black to hold the balance.} h6 (4... c6 5. Qd2 b5 6. Bd3 Nbd7 7. Nf3
h6 8. Be3 e5 9. d5 cxd5 10. Nxd5 Nxd5 11. exd5 a6 12. Be2 f5 13. Qb4 Qf6 14. a4
$36 {Krivec,J-Manca,F/Nova Gorica op/1997/}) (4... Bg7 5. Qd2 h6 6. Bf4 Nbd7 7.
O-O-O g5 8. Be3 Ng4 9. h4 Nxe3 10. Qxe3 g4 11. h5 $1 c5 12. Nge2 a6 13. dxc5
Nxc5 14. Nd4 Qa5 15. Bc4 Bd7 16. Nd5 Na4 17. b4 Qd8 18. Nf5 Bb2+ 19. Kb1 Rc8
20. Bb3 Be5 21. Nfxe7 Nc3+ 22. Kc1 Nxd5 23. Nxd5 Be6 24. Kb1 Bxd5 25. Rxd5 Qf6
26. Rhd1 $16 {Polgar,J-Smirin,I/Groningen PCA/1993/}) 5. Bh4 Bg7 (5... Nh5 $5
$146 6. Qf3 Bg7 7. Bc4 O-O 8. Nge2 c5 9. dxc5 Nc6 10. Qe3 Ne5 11. Bb3 g5 12. f4
Nxf4 13. Nxf4 gxf4 14. Qxf4 Ng6 15. Qg3 Nxh4 16. Qxh4 dxc5 17. Rd1 Qa5 18. Rd3
Be6 19. Bxe6 fxe6 20. Qxe7 Rae8 21. Qd7 c4 22. Rf3 Qb6 23. Na4 Qa5+ 24. Nc3 Qb6
25. Na4 Qa5+ 26. Nc3 {1/2,Sermek,D-Djuric,S/Nova Gorica op/1997/}) (5... c6 6.
f4 $5 (6. e5 Nd5 7. Nxd5 cxd5 8. Nf3 Nc6 9. exd6 Qxd6 10. c3 Bg4 11. Be2 Bg7
12. O-O O-O 13. Bg3 Qd8 14. Ne5 Nxe5 15. Bxe5 Bxe5 16. Bxg4 {1/2,Heyne,
G-Farsakh,C/BAY-chT3SE/1995/}) 6... Qa5 7. Qd2 Bg7 8. Nf3 Bg4 9. Be2 Nbd7 10.
h3 Bxf3 11. Bxf3 e5 12. dxe5 (12. Bf2 $142 $1 $14) 12... dxe5 13. f5 g5 14. Bf2
Bf8 15. O-O Bc5 16. a3 Bxf2+ 17. Qxf2 Qb6 $11 {Hresc,V-Penn/Munich op/1985/})
6. Qd2 ({A more testing alternative is} 6. f4 $5 c5 $142 $5 (6... c6 7. Qd2 (7.
Nf3 Bg4 8. h3 Bxf3 9. Qxf3 Qa5 10. O-O-O e6 11. g4 Nbd7 12. f5 O-O-O 13. fxe6
fxe6 14. Bc4 Rde8 15. Bg3 e5 16. d5 $36 {Mahdy,K-Schlosser/Wien op/1986/}) 7...
O-O 8. Nf3 a5 (8... b5 9. Bd3 a6 10. e5 dxe5 11. dxe5 b4 12. Ne4 Nd5 13. O-O a5
14. Kh1 Ba6 15. f5 Bxd3 16. cxd3 Nd7 17. d4 Qe8 18. Rae1 gxf5 19. Nf6+ N7xf6
20. exf6 Nxf6 21. Bxf6 Bxf6 22. Qxh6 Bg7 23. Qh3 f6 24. Nh4 {1-0,Mahdy,
K-Steiner,U/AUT-chT/1991/}) 9. Bd3 Qc7 10. O-O Na6 11. a3 Rb8 12. f5 e5 13.
dxe5 dxe5 14. Bxf6 Bxf6 15. Qxh6 Bg7 16. Qh4 gxf5 17. Ng5 Re8 18. exf5 f6 19.
Qh7+ Kf8 20. Bc4 {1-0,Voekler,B-Juergenlimke,A/GER-ch Wildbad/1993/}) 7. e5 ({
Rather tame is} 7. dxc5 Qa5 8. Qd2 Qxc5 9. Nf3 Nc6 10. O-O-O Be6 11. h3 O-O 12.
g4 Qa5 13. a3 Rfc8 14. Kb1 b5 15. Bxf6 Bxf6 16. Nd5 Bxd5 17. Qxa5 Ba2+ 18. Kxa2
Nxa5 19. c3 Rab8 $11 {Westerinen,H-Vadasz,L/Budapest Tungsram/1976/}) 7... Nh5
8. dxc5 Nxf4 (8... dxe5 $2 9. Qxd8+ Kxd8 10. O-O-O+ Bd7 11. Nd5 Nc6 12. Nxe7 $1
Nxe7 13. Bb5 $18) 9. exd6 g5 (9... Qa5 $5 10. Qd2 g5 11. Bf2 O-O 12. dxe7 Re8
13. O-O-O Nc6 14. Bc4 Bg4 15. g3 Ne6 16. Nge2 Ne5 17. Bxe6 Bxe6 18. Kb1 Nc4 19.
Qe1 Nxb2 20. Kxb2 Qxa2+ $40 {Kujawski,R-Szerwonski,A/Slupsk op/1992/}) 10. Bf2
O-O 11. Qd2 exd6 12. O-O-O Bg4 (12... Qa5 13. Bd4 Bxd4 14. Qxd4 Qxc5 15. Qxd6
Qxd6 16. Rxd6 Kg7 17. g3 Ng6 18. Bg2 Ne5 19. Nf3 Nc4 20. Rd3 Nc6 21. b3 Nb6 22.
Nd4 Nxd4 23. Rxd4 Nd7 24. Rc4 Nf6 25. Rc7 Ne8 26. Re7 Nd6 27. Rd1 Nf5 28. Re5
Rb8 29. Rdd5 $16 {Yakovich,Y-Kerkhof,P/Ostend op/1993/}) 13. Nf3 Nc6 14. cxd6 (
14. h4 $5 dxc5 15. hxg5 hxg5 16. Qe3 Qf6 17. Qxc5 Ne6 18. Qc4 Qf4+ 19. Qxf4
Nxf4 20. Ne4 Rac8 21. Bc5 Rfd8 22. Rxd8+ Rxd8 23. Nexg5 Ne6 24. Nxe6 Bxe6 25.
Bd3 Bf6 26. a3 $14 {Voitsekhovsky,S-Berelovich,A/Smolensk/1992/}) 14... Rc8 (
14... Qf6 $5 $13) 15. h4 Nb4 $2 (15... Qa5 $132) 16. Bd4 Bxf3 17. gxf3 Qxd6 18.
hxg5 hxg5 19. Qh2 f6 20. a3 Rxc3 21. axb4 Rcc8 22. Bc5 Qe6 23. b3 Rxc5 24. bxc5
Qe3+ 25. Kb1 Rc8 26. Bc4+ {1-0,Sorokin,M-Jansa,V/Ostrava/1992/}) 6... Nbd7 (
6... g5 7. Bg3 Nh5 8. O-O-O Nc6 (8... e6 9. Kb1 Nd7 10. Nf3 Nb6 11. d5 Bd7 12.
Nd4 Qe7 13. Be2 Nxg3 14. hxg3 O-O-O 15. g4 Kb8 16. Rh3 Qf6 17. Rf3 Qg6 18. Re3
Be5 19. g3 Qg7 20. Nb3 Rde8 21. Na5 Re7 $15 {Piza,D-Danialov,S/St.Cugat op/
1992/}) 9. Bb5 Bd7 10. Nge2 e6 11. f3 Nxg3 12. hxg3 a6 13. Bxc6 Bxc6 14. g4 Qe7
15. Ng3 Rg8 16. Rhe1 O-O-O 17. Nh5 Bh8 18. Nd5 Qf8 19. Ne3 Kb8 20. Qa5 Bd7 21.
Rd3 Bc8 22. Red1 Qe7 23. d5 b6 24. Qa3 Ka7 25. Ng3 Be5 26. Ne2 Bb7 27. Nd4 Qd7
$13 {Tiviakov,S-Markowski,T/Polanica Zdroj/1995/}) 7. O-O-O g5 8. Bg3 Nh5 9.
Nge2 {[%cal Rh2h4] Prepares h4.} (9. Bc4 $5 $13 {seems to be an interesting
alternative}) 9... e6 $5 $146 {A new move, which fits into Black's plans. It's
certainly connected with a better idea than Smirin's, who got into serious
truoble with Tiviakov quite quickly.} (9... a6 10. h4 g4 $6 (10... e6 $142 {
-see game.}) 11. f3 f5 12. e5 Nb6 13. exd6 cxd6 14. Bf2 Be6 15. d5 Nc4 16. Qe1
Bd7 17. Nd4 (17. Bd4 $5 $36) 17... Ne5 18. Ne6 Bxe6 19. dxe6 Qa5 20. Nd5 Qxa2
21. Qb4 O-O 22. Nxe7+ Kh8 $6 (22... Kh7 $142 23. Nd5 Rac8 $132) 23. Rxd6 Rad8
24. Bd4 Kh7 25. Rxd8 (25. Nxf5 Rxd6 26. Nxd6 Qxe6 27. Bxe5 Qxe5 28. Bd3+ $16)
25... Rxd8 26. Nxf5 Nc6 $1 $13 {Tiviakov,S-Smirin,I/Wijk/1994/}) ({Interesting
is} 9... c5 $5) 10. h4 (10. f4 gxf4 11. Bxf4 (11. Nxf4 $6 Nxg3 12. hxg3 Qg5 $15
) 11... Nxf4 12. Nxf4 Qg5 13. g3 h5 $132) 10... a6 11. Bh2 {Interesting is also
} (11. hxg5 $5 hxg5 (11... Nxg3 12. Nxg3 Qxg5 (12... hxg5 13. Nh5 Kf8 14. Be2
$40) 13. Nh5 $36) 12. Bh2 Qe7 $13 {/\} 13. g4 Nhf6 14. Qxg5 $4 Bh6 $19) 11...
gxh4 $5 {It will be suprisinly difficult for White to regain this pawn and
maintain the tension.} 12. e5 (12. Nf4 Nxf4 13. Bxf4 Qe7 $13 (13... e5 $5 14.
dxe5 Nxe5 $132)) 12... Nb6 ({It's usually not a good idea to open the position,
when you lack development.} 12... dxe5 $143 13. dxe5 Qe7 14. f4 $36 (14. Qe3 $6
Qc5 {/\} 15. Qf3 Nxe5 $1 16. Qxh5 Nd3+ $19)) 13. Nf4 {A tame move.} ({More
ambitious, but also more risky was} 13. Qe3 Qg5 $5 14. f4 Qg6 15. exd6 cxd6 16.
d5 Nc4 $132) 13... Nxf4 14. Bxf4 (14. Qxf4 $6 dxe5 15. dxe5 Qg5 $15) 14... dxe5
15. Bxe5 Bxe5 16. dxe5 Qxd2+ 17. Rxd2 Bd7 {The endgame is slightly worse for
Black, but he has good counterchances.} 18. Rxh4 Bc6 19. Ne2 $6 (19. f4 $142 $5
{[%cal Rg2g4,Rd2h2] /\g4,Rdh2} Kf8 (19... Rd8 $6 20. Rxd8+ Kxd8 21. g4 Bf3 22.
g5 h5 23. Be2 Bxe2 24. Nxe2 $16) 20. g4 Kg7 $14) 19... Rg8 20. g3 (20. Rxh6
Bxg2 21. Bxg2 Rxg2 22. Rh8+ Ke7 $11) (20. Rh2 Rg5 21. f4 Rg4 {[%csl Rg2][%cal
Rc6b5] /\Bb5,><g2}) 20... Nd7 $1 21. Nd4 {Now the tension dissipates and a
drawish position arises.} (21. f4 Rg6 $132 {[%csl Rg3][%cal Ye8e7,Ya8g8] /\Ke7,
Rdg8,Bf3,><g3}) 21... Nxe5 22. Nxc6 Nxc6 (22... Nf3 23. Na5 Nxh4 24. gxh4 Rg1
25. Rd1 $14) 23. Rxh6 Ne5 24. Bg2 c6 25. Rh5 Nd7 26. Rd4 Rc8 (26... Ke7 27. Rh7
Rad8 $11) 27. Kd2 Ke7 28. Ke2 Nf6 29. Rh1 Rg5 30. Rhd1 1/2-1/2